|
|
|
|
| LEADER |
02088nam a2200349 u 4500 |
| 001 |
10020213 |
| 003 |
upatras |
| 005 |
20210117205417.0 |
| 008 |
981106s1998 gr gre |
| 040 |
|
|
|a GR-PaULI
|c GR-PaULI
|
| 041 |
0 |
|
|a gre
|
| 082 |
0 |
4 |
|a 616.73
|
| 084 |
|
|
|a WS 270
|
| 100 |
1 |
|
|a Μπίκος, Χρήστος Ν.
|9 144142
|
| 245 |
1 |
0 |
|a Διαταραχές των αναπνευστικών παραμέτρων σε παιδιά με σκολίωση κάτω των 20
|b ο ρόλος της άσκησης
|c Χρήστος Νικ. Μπίκος; Πανεπιστήμιο Πατρών, Σχολή Επιστημών Υγείας, Ιατρικό Τμήμα, Ορθοπαιδική Κλινική
|
| 260 |
|
|
|a Πάτρα
|c 1998
|
| 300 |
|
|
|a ποικ/λη σελ/μηση
|c 30 εκ.
|
| 500 |
|
|
|a Διδακτορική διατριβή
|
| 504 |
|
|
|a Περιλαμβάνει περίληψη, βιβλιογραφία και παράρτημα
|
| 650 |
|
4 |
|a Παιδιατρική ορθοπαιδική
|9 33765
|
| 650 |
|
4 |
|a Ορθοπεδική
|9 2770
|
| 650 |
|
4 |
|a Αναπνευστικό σύστημα
|x Ασθένειες
|9 31977
|
| 650 |
|
4 |
|a Σκολίωση
|9 50752
|
| 710 |
2 |
|
|9 2771
|a Πανεπιστήμιο Πατρών
|b Σχολή Επιστημών Υγείας
|b Τμήμα Ιατρικής
|e Σχολή Επιστημών Υγείας
|e Τμήμα Ιατρικής
|
| 852 |
|
|
|a GR-PaULI
|b ΠΑΤΡΑ
|b ΒΚΠ
|b ΑΝΕ
|k ΔΙΑΤΡΙΒΗ
|h 616.73 Μ
|m 39141
|p 025000000154
|t 1
|
| 852 |
|
|
|a GR-PaULI
|b ΠΑΤΡΑ
|b ΙΑΤΡΙΚΗ
|k ΔΙΑΤΡΙΒΗ-10
|h WS 1006 ΜΠΙ
|m Δ/001006
|p 025000173013
|t 4
|
| 856 |
|
|
|u http://thesis.ekt.gr/1642
|
| 942 |
|
|
|2 ddc
|c BKTD
|
| 952 |
|
|
|0 0
|1 0
|4 0
|6 616_730000000000000_Μ
|7 0
|9 178728
|a LISP
|b LISP
|c RES
|d 2016-04-24
|i 39141
|l 0
|o 616.73 Μ
|p 025000000154
|r 2016-04-24 00:00:00
|t 1
|w 2016-04-24
|y BKTD
|
| 952 |
|
|
|0 0
|1 0
|4 0
|6 WS_1006_000000000000000_ΜΠΙ
|7 0
|9 178729
|a MEDI
|b MEDI
|d 2016-04-24
|i Δ/001006
|l 0
|o WS 1006 ΜΠΙ
|p 025000173013
|r 2016-04-24 00:00:00
|t 4
|w 2016-04-24
|y BKTD
|
| 998 |
|
|
|c ΗΛΙΟΠΟΥΛΟΥ
|d 1998-11
|
| 999 |
|
|
|c 110814
|d 110814
|